U.S. States With Palm Trees - Statistics

General Stats
  • This quiz has been taken 45,690 times
    45,582 since last reset
  • The average score is 10 of 12
Answer Stats
State % Correct
California
98%
Florida
98%
Texas
94%
Alabama
90%
Georgia
90%
Arizona
87%
South Carolina
86%
Louisiana
83%
Mississippi
82%
North Carolina
82%
Hawaii
80%
Arkansas
66%
No matching quizzes found
Score Distribution
Percent of People with Each Score
Percentile by Number Answered
Your Score History
You have not taken this quiz since the last reset